000 00848nmm a2200289 a 4500
003 AR-BaBNM
005 20251128202705.0
008 117019s1979 ||||||||||||||000 | spa||
020 _a2-89044-007-9
040 _cAR-BaBNM
100 1 _aGordon, Thomas
245 1 0 _aEnseignants efficaces
_benseigner et être soi-même
260 _aMontreal
_bEditions Du Jour
_c1979
300 1 _axxvi, 502 p.
_bdiagr.
650 4 _aRELACION ALUMNO-DOCENTE
650 4 _aDISCIPLINA ESCOLAR
650 4 _aCONDUCTA DEL GRUPO
650 4 _aAUTORIDAD DEL DOCENTE
650 4 _aRELACION ESCUELA-ALUMNOS
650 4 _aPSICOSOCIOLOGIA DE LA EDUCACION
650 4 _aREGLAMENTOS EDUCACIONALES
700 1 _aLalanne, Luc Bernard
_etraductor
700 1 _aPiveteau, D.J.
_ecolaborador
700 1 _aChambert, A.
_ecolaborador
942 _cBK
998 _cSILVI
999 _c139
_d139